Nocturnal, Diurnal, or Crepuscular Animal? - Statistics

General Stats
  • This quiz has been taken 6 times
  • The average score is 17 of 30
Answer Stats
Hint Answer % Correct
Bee Diurnal
100%
Chimpanzee Diurnal
100%
Bison Diurnal
100%
Eagle Diurnal
100%
Giraffe Diurnal
100%
Squirrel Diurnal
100%
Humming bird Diurnal
100%
Owl Nocturnal
100%
Bat Nocturnal
100%
Crow Diurnal
80%
Lizard Diurnal
80%
Moth Nocturnal
80%
Coyote Crepuscular
60%
Mosquito Crepuscular
60%
Koala Diurnal
60%
Racoon Nocturnal
60%
Deer Crepuscular
40%
Tree Frog Crepuscular
40%
Red Fox Crepuscular
40%
Kiwi Nocturnal
40%
Mole Nocturnal
40%
Cottontail rabbit Crepuscular
20%
Wolf Crepuscular
20%
Red Panda Crepuscular
20%
Dwarf Lemur Nocturnal
20%
Striped Hyena Nocturnal
20%
Lynx Crepuscular
0%
Capibara Crepuscular
0%
Hippo Nocturnal
0%
Leopard Nocturnal
0%
No matching quizzes found
Score Distribution
Percent of People with Each Score
Percentile by Number Answered
Your Score History
You have not taken this quiz